Answers Contain "Park" - Statistics

General Stats
  • This quiz has been taken 797 times
  • The average score is 10 of 20
Answer Stats
Hint Answer % Correct
Biggest park in Manhattan Central Park
96%
Refused to give up her bus seat Rosa Parks
93%
Dinosaur movie series Jurassic Park
92%
Yosemite, Banff, e.g. National Park
90%
Spiderman's alter ego Peter Parker
85%
Where Cartman lives South Park
80%
British for a parking lot Car Park
69%
Sitcom, starring Amy Poehler, set in Indiana Parks and Recreation
61%
Speakers' Corner can be found in this London park Hyde Park
60%
Chester Bennington's rock band Linkin Park
54%
Knott's Berry Farm, e.g. Theme Park
32%
Obstacle passing sport / training Parkour
30%
Jazz saxophonist nicknamed "Bird" Charlie Parker
29%
Co-creator of the above Trey Parker
29%
Second biggest city in Kansas Overland Park
16%
Most successful Asian footballer Park Ji-sung
13%
Famous Barcelona park Park Güell
10%
Vancouver's most famous park Stanley Park
10%
TV show that takes place in Dartmouth, Nova Scotia Trailer Park Boys
7%
Degenerative disorder initialed PD Parkison's
6%
No matching quizzes found
Score Distribution
Percent of People with Each Score
Percentile by Number Answered
Your Score History
You have not taken this quiz